• 首页
  • 本馆介绍
  • 公告通知
  • 最新文献
  • 馆藏检索
  • 电子资源
  • 读者导购
  • 参考咨询
  • 我的图书馆
  • 登录
  • 详细信息显示
  • 放入我的书架
  • 预约/预借图书
  • 作者相关作品
  • 分类相关作品
  • 丛书相关作品
  • 出版社相关作品

书目信息

  • 表格格式
  • 工作单格式
  • 卡片格式
题名:
组织变革研究
    
 
作者: 高静美 著
分册:  
出版信息: 北京   科学出版社  2013
页数: 187页
开本: 24cm
丛书名:
单 册:
中图分类: F272.9
科图分类:
主题词: 企业组织--组织管理学--研究 , 企业组织 , 组织管理学
电子资源:
ISBN: 978-7-03-037642-8
000 01350nam0 22002771 450
001 523
005 20140909091806.70
010    @a978-7-03-037642-8@dCNY58.00
100    @a20130807d2013 em y0chiy50 ea
101 0  @achi
102    @aCN@b110000
105    @aa z 000yy
106    @ar
200 1  @a组织变革研究@AZu Zhi Bian Ge Yan Jiu@e基于知识图谱与实地调研的交互验证@EJi Yu Zhi Shi Tu Pu Yu Shi Di Diao Yan De Jiao Hu Yan Zheng@f高静美著@FGao Jing Mei Zhu
210    @a北京@c科学出版社@d2013
215    @a187页@c图@d24cm
300    @a国家哲学社会科学基金项目研究成果
330    @a本书首先对现有的大量组织变革研究从视角、方法到主题等诸多方面所发生的嬗变、变化过程以及变化依据等问题做一个初步的梳理和评述。其次,运用知识图谱的分析方法,绘制了组织变革领域的知识发展进程与结构关系图形。同时,为了体现实践专家在组织变革知识体系构建过程中的逻辑倾向和思维结构等特点,书中构建了针对本土中层管理者的组织变革DPH模型,并进行了实证检验,进而对知识图谱分析与调研实证所得到的结果进行了交互对比分析。
517 1  @a基于知识图谱与实地调研的交互验证@AJi Yu Zhi Shi Tu Pu Yu Shi Di Diao Yan De Jiao Hu Yan Zheng
606 0  @a企业组织@x组织管理学@x研究
606 0  @a企业组织
606 0  @a组织管理学
690    @aF272.9@v5
701  0 @a高静美@AGao Jing Mei@c(女,@f1976~)@4著
801  0 @aCN@bTANGWEI@c20140603
905    @b0836871-73@dF272.9@e1033@f3
    
    组织变革研究:基于知识图谱与实地调研的交互验证/高静美著.-北京:科学出版社,2013
    187页:图;24cm
    国家哲学社会科学基金项目研究成果
    
    ISBN 978-7-03-037642-8:CNY58.00
    本书首先对现有的大量组织变革研究从视角、方法到主题等诸多方面所发生的嬗变、变化过程以及变化依据等问题做一个初步的梳理和评述。其次,运用知识图谱的分析方法,绘制了组织变革领域的知识发展进程与结构关系图形。同时,为了体现实践专家在组织变革知识体系构建过程中的逻辑倾向和思维结构等特点,书中构建了针对本土中层管理者的组织变革DPH模型,并进行了实证检验,进而对知识图谱分析与调研实证所得到的结果进行了交互对比分析。
●
相关链接 在E读中查询图书 在五车中查询图书 在当当中查询图书 在豆瓣中查询图书


正题名:组织变革研究     索取号:F272.9/1033         预约/预借

序号 登录号 条形码 馆藏地/架位号 状态 备注
1 0836871   208368719   第一样本阅览室/ [索取号:F272.9/1033] 在馆    
2 0836872   208368728   第一借阅区/ [索取号:F272.9/1033] 在馆    
3 0836873   208368737   第一借阅区/ [索取号:F272.9/1033] 在馆    
唐山师范学院图书馆 欢迎您!
大连网信软件有限公司© 版权所有